000 00636nam a2200193 i 4500
001 136789
003 ES-MaACL
005 20250714072814.0
007 t|
008 070214s1963 sp r ||||1| spa d
100 1 _aSaiz Barberá, Juan.
_9101625
245 1 0 _aRaimundo Lulio, genio de la filosofía y mística española /
_cPbro. Juan Saiz Barberá.
260 _aMadrid :
_bEPESA [Ediciones y Publicaciones Españolas],
_c1963.
300 _aXXV, 899 p. ;
_c25 cm.
504 _aBibliografía: p. [853]-875.
600 0 4 _aRamón Llull,
_cBeato,
_dca. 1232-1316?
_995219
852 _aES-MaACL
_jC-24421
999 _c136789
_d136789